000 00296nam a22001337a 4500
008 170609b xxu||||| |||| 00| 0 eng d
020 _a0842022708
041 _aeng
080 _a94(7/8)
100 _a18
101 _aSHH
245 _aTHE MAKING OF URBAN AMERICA
_cMOHL,R.A
942 _2udc
_cBK
999 _c16776
_d16776